Score 0/10 Timer 02:00
1 Play Today
Clue 5-letter word % Correct
On the ____ of disasterBRINK
95.1%
End a stare downBLINK
94.8%
There's plenty of this in a slasher filmBLOOD
91.5%
An eye for an eye makes the whole world _____BLIND
90.7%
Like Owen Wilson, but not Luke WilsonBLOND
85.3%
Pickle juiceBRINE
82.4%
Sit on eggs BROOD
69.7%
Object that [first rung] and [last rung] may jump overBROOM
46.5%
One who says 'I do'BRIDE
37.7%
One who says 'I do'GROOM
37.4%

Today's Daily Dose

Missing Word
Boxers

Quick Pick
Rise or Fall?

Get the Picture
A ‘B’ in Disney

You're not logged in!

Compare scores with friends on all Sporcle quizzes.
OR
Log In

Sporcle TV

Today on Sporcle TV


Watch our educational content, quiz creation guides, and fun videos on Sporcle TV.

Show Comments

Extras

Top Quizzes Today


Score Distribution

Paid Content

Your Account Isn't Verified!

In order to create a playlist on Sporcle, you need to verify the email address you used during registration. Go to your Sporcle Settings to finish the process.

Report this User

Report this user for behavior that violates our Community Guidelines.

Details: